00600nam a2200217Ia 4500008004100000020001800041050001600059100001900075245002500094245002200119245002200141260001500163260001600178260000900194300001600203300002000219300001000239500000800249999001900257952010600276170918s9999 xx 000 0 und d a9780439026994 bC264bl 2006 aCarbone, Elisa aBlood on the river : bJames town 1607 / cby Elisa Carbone. aNew York : bScholastic, c2006 a237 pages : billustrations ; c19cm. a820 c343817d343817 001040aSSISMbSSISMd2017-09-18l0oFIC C264bl 2006pSSISM2889r2017-09-18 00:00:00w2017-09-18yBK